Business mathematics (Record no. 247927)

MARC details
000 -LEADER
fixed length control field 00775nam a2200253Ia 4500
008 - FIXED-LENGTH DATA ELEMENTS--GENERAL INFORMATION
fixed length control field 191130s2009##################000#0#eng##
020 ## - INTERNATIONAL STANDARD BOOK NUMBER
ISBN 9780321500120
082 ## - DEWEY DECIMAL CLASSIFICATION NUMBER
Classification number 650.01513 MIL
100 ## - MAIN ENTRY--AUTHOR NAME
Personal name Miller, Charles David
245 ## - TITLE STATEMENT
Title Business mathematics
Statement of responsibility, etc Charles D. Miller, Stanley A. Salzman, Gary Clendenen
250 ## - EDITION STATEMENT
Edition statement 11th ed
260 ## - PUBLICATION, DISTRIBUTION, ETC. (IMPRINT)
Place of publication Boston
Name of publisher Pearson / Addison Wesley
Year of publication c2009
300 ## - PHYSICAL DESCRIPTION
Number of Pages xxvii, [82] p. : col. ill. ; 31 cm
500 ## - GENERAL NOTE
General note Includes index
650 ## - SUBJECT ADDED ENTRY--TOPICAL TERM
Topical Term Business mathematics
Topical Term Business mathematics - Programmed instruction
700 ## - ADDED ENTRY--PERSONAL NAME
Personal name Clendenen, Gary
Personal name Salzman, Stanley A
991 ## -
-- 362227
Holdings
Withdrawn status Lost status Damaged status Not for loan Home library Current library Shelving location Date acquired Full call number Accession Number Price effective from Koha item type
        Anna Centenary Library Anna Centenary Library 6TH FLOOR, A WING 13.10.2020 650.01513 MIL 316701 13.10.2020 English Books

Find us on the map